Normal view
MARC view
- ATKINS, E. ARTHUR,WALKER, A. G
Entry Personal Name
001 - CONTROL NUMBER
- control field: 58235
003 - CONTROL NUMBER IDENTIFIER
- control field: NUST
005 - DATE AND TIME OF LATEST TRANSACTION
- control field: 20210628202104.0
008 - FIXED-LENGTH DATA ELEMENTS
- fixed length control field: 210628|| aca||aabn | a|a d
040 ## - CATALOGING SOURCE
- Original cataloging agency: NUST
- Transcribing agency: NUST
100 ## - HEADING--PERSONAL NAME
- Personal name: ATKINS, E. ARTHUR,WALKER, A. G
670 ## - SOURCE DATA FOUND
- Source citation: Work cat.: (NUST): ATKINS, E. ARTHUR,WALKER, A. G, ELECTRIC ARC AND OXY-ACETYLENE WELDING A PRACTICAL HANDBOOK FOR WORKS MANAGERS WELDING OPERATORS AND STUDENTS, 1960
